[Event "VIII Floripa Chess Open 2022 - LIRA - mesa 1 a 205 - HOTEL FAIAL - 206 a 246"]
[Site "Lira Tênis Clube - Florianópolis/SC"]
[Date "2022.01.27"]
[Round "6"]
[Board "75"]
[White "Cordero, Daniela"]
[Black "Vieira, Jose Renato Braga S."]
[Result "1-0"]
[WhiteElo "2011"]
[BlackElo "1805"]
[PlyCount "0"]
[EventDate "2022.01.24"]
[EventRounds "10"]
[EventCountry "BRA"]

1. d4 Nf6 2. Nf3 e6 3. e3 b6 4. Bd3 Bb7 5. c4 Bb4+ 6. Bd2 Qe7 7. O-O O-O 8. Nc3 d5 9. a3 Bxc3 10. Bxc3 Nbd7 11. b4 Ne4 12. Bb2 a5 13. b5 c5 14. bxc6 Bxc6 15. a4 Rfc8 16. Bxe4 dxe4 17. Nd2 f5 18. Qb3 Qg5 19. f4 exf3 20. Nxf3 Qh6 21. Ba3 Nf6 22. Ne5 Be4 23. Ra2 Rab8 24. Rd2 Qg5 25. Nf3 Qg4 26. Bd6 Bxf3 27. Bxb8 Be2 28. Rf4 Bxc4 29. Qxb6 Qh5 30. Qb7 Ba6 31. Qxa6 Rxb8 32. Qxe6+ Kh8 33. Rf1 Ne4 34. Rc2 Qg5 35. Rc8+  1-0

[Event "VIII Floripa Chess Open 2022 - LIRA - mesa 1 a 205 - HOTEL FAIAL - 206 a 246"]
[Site "Lira Tênis Clube - Florianópolis/SC"]
[Date "2022.01.27"]
[Round "6"]
[Board "76"]
[White "Dos Santos, Rafael Goncalves"]
[Black "Cesarini Da Silva, Leonardo"]
[Result "0-1"]
[WhiteElo "1794"]
[BlackElo "2011"]
[PlyCount "0"]
[EventDate "2022.01.24"]
[EventRounds "10"]
[EventCountry "BRA"]

1. e4 c5 2. Nf3 d6 3. d4 cxd4 4. c3 Nf6 5. Qxd4 Nc6 6. Bb5 Bd7 7. Qd3 g6 8. O-O Bg7 9. Rd1 O-O 10. Nbd2 Ng4 11. Qe2 Qb6 12. h3 Nxf2 13. Qxf2 Qxb5 14. Nb3 Qa4 15. Qe2 Rac8 16. Bg5 f5 17. e5 Qe4 18. Qf2 Nxe5 19. Nxe5 Bxe5 20. Bxe7 Bh2+ 21. Kxh2 Qxe7 22. Qd4 Rf6 23. Re1 Re6 24. Qd5 Kf8 25. Qd2 Re8 26. Rxe6 Qxe6 27. Rd1 Qe5+ 28. Kh1 Bc6 29. Qxd6+ Qxd6 30. Rxd6 Re2 31. Rd2 Bxg2+ 32. Kh2 Rxd2 33. Nxd2 Bc6 34. Kg3 Ke7 35. c4 Kf6 36. b4 a6 37. Nb3 Ke5 38. h4 h6 39. Kf2 g5 40. hxg5 hxg5 41. Nc5 f4 42. a4 g4 43. b5 axb5 44. cxb5 Bd5 45. a5 g3+ 46. Kg1 f3 47. Nxb7 f2+  0-1

[Event "VIII Floripa Chess Open 2022 - LIRA - mesa 1 a 205 - HOTEL FAIAL - 206 a 246"]
[Site "Lira Tênis Clube - Florianópolis/SC"]
[Date "2022.01.27"]
[Round "6"]
[Board "77"]
[White "Fischer, Ivo Lucio"]
[Black "Da Silva, Joao Carlos Orguim"]
[Result "1/2-1/2"]
[WhiteElo "2004"]
[BlackElo "1794"]
[PlyCount "0"]
[EventDate "2022.01.24"]
[EventRounds "10"]
[EventCountry "BRA"]

1. d4 d5 2. c4 dxc4 3. Nf3 a6 4. a4 Nc6 5. e3 Na5 6. Nbd2 b5 7. axb5 axb5 8. b4 cxb3 9. Bxb5+ Bd7 10. Bxd7+ Qxd7 11. Ne5 Qd5 12. Qf3 Qxf3 13. gxf3 Ra7 14. Nxb3 f6 15. Nd3 Nc6 16. Rxa7 Nxa7 17. Bd2 e6 18. Ke2 Bd6 19. Ra1 Nc8 20. Ra8 Ne7 21. Nbc5 Kf7 22. Ne4 Re8 23. h3 Nd5 24. Ba5 h6 25. f4 g6 26. Kf3 g5 27. Nxd6+ cxd6 28. Rb8 f5 29. Rb7+ Kg6 30. Rd7 Nf6 31. Rd8 g4+ 32. hxg4 fxg4+ 33. Kg3 Ne7 34. Rxe8 Nf5+ 35. Kg2 Nxe8 36. Bd8 h5 37. Nc1 Neg7 38. Ne2 h4 39. e4 h3+ 40. Kh2 Nh6 41. Be7 d5 42. f5+ exf5 43. exd5 Ng8 44. Bh4 Kf7 45. Nf4 Ne8 46. f3 Ngf6 47. fxg4 fxg4 48. Nxh3  1/2-1/2

[Event "VIII Floripa Chess Open 2022 - LIRA - mesa 1 a 205 - HOTEL FAIAL - 206 a 246"]
[Site "Lira Tênis Clube - Florianópolis/SC"]
[Date "2022.01.27"]
[Round "6"]
[Board "78"]
[White "De Saboya E Silva, Jose Frederic"]
[Black "Martins De Aguiar, Marina"]
[Result "0-1"]
[WhiteElo "1999"]
[BlackElo "1793"]
[PlyCount "0"]
[EventDate "2022.01.24"]
[EventRounds "10"]
[EventCountry "BRA"]

1. c4 Nf6 2. Nc3 g6 3. g3 Bg7 4. Bg2 O-O 5. d3 d6 6. e4 c5 7. Nge2 Nc6 8. O-O Rb8 9. f4 a6 10. Kh1 Bd7 11. a4 Qc8 12. Be3 Bh3 13. f5 Bxg2+ 14. Kxg2 Ng4 15. Bg1 Nge5 16. Qd2 Qd7 17. Nd5 b5 18. axb5 axb5 19. b3 bxc4 20. bxc4 Rb3 21. Nc1 Nxc4 22. Qd1 Rb2+ 23. Kh1 N4e5 24. Ra2 Rfb8 25. Qa4 Rb1 26. Raf2 Kh8 27. Qa3 Ng4 28. Rc2 Ra1 29. Ra2 Bb2  0-1

[Event "VIII Floripa Chess Open 2022 - LIRA - mesa 1 a 205 - HOTEL FAIAL - 206 a 246"]
[Site "Lira Tênis Clube - Florianópolis/SC"]
[Date "2022.01.27"]
[Round "6"]
[Board "79"]
[White "Meza, Anahi"]
[Black "Vitielo, Alecio Elias"]
[Result "1-0"]
[WhiteElo "1996"]
[BlackElo "1791"]
[PlyCount "0"]
[EventDate "2022.01.24"]
[EventRounds "10"]
[EventCountry "BRA"]

1. d4 f5 2. c4 e6 3. g3 Nf6 4. Bg2 d5 5. Nc3 c6 6. Nh3 Be7 7. O-O O-O 8. b3 Nbd7 9. Bf4 h6 10. Bd2 dxc4 11. bxc4 Nb6 12. c5 Nbd5 13. Qb3 g5 14. Kh1 Qe8 15. f3 Nxc3 16. Qxc3 Nd5 17. Qc1 Bf6 18. e4 Nc7 19. Qc4 Qf7 20. Rad1 Rd8 21. Ba5 Rd7 22. g4 f4 23. Bxc7 Rxc7 24. e5 Be7 25. Nf2 Bd7 26. Ne4 Be8 27. Rfe1 Bd7 28. Bf1 Kg7 29. Qb3 Rb8 30. Bc4 Rcc8 31. Qa3 a6 32. Qb4 Re8 33. Qb6 Rec8 34. Nd6 Bxd6 35. exd6 Qf6 36. Re5 Re8 37. Qc7 Qd8 38. Rb1 Qxc7 39. dxc7 Rbc8 40. Rxb7 Kf6 41. Ra7 Ra8 42. Rb7 Rec8 43. Re2 a5 44. a4 Kf7 45. Reb2 Ke7 46. Kg2 Kf6 47. R2b6 Ke7 48. Ba6 Kf6 49. Rb8 Ke7 50. Bxc8  1-0

[Event "VIII Floripa Chess Open 2022 - LIRA - mesa 1 a 205 - HOTEL FAIAL - 206 a 246"]
[Site "Lira Tênis Clube - Florianópolis/SC"]
[Date "2022.01.27"]
[Round "6"]
[Board "80"]
[White "Ramos, Angelo Bil"]
[Black "Marques Junior, Marcos Antonio"]
[Result "1-0"]
[WhiteElo "1985"]
[BlackElo "1787"]
[PlyCount "0"]
[EventDate "2022.01.24"]
[EventRounds "10"]
[EventCountry "BRA"]

1. e4 c5 2. Nf3 Nc6 3. c3 d5 4. exd5 Qxd5 5. Na3 e5 6. Bc4 Qd8 7. d3 Be7 8. O-O Nf6 9. h3 O-O 10. Re1 Qc7 11. Qe2 Re8 12. Nb5 Qb6 13. a4 Bf5 14. Bg5 a6 15. Na3 e4 16. Nh4 exd3 17. Qf3 d2 18. Bxd2 Be4 19. Rxe4 Nxe4 20. Bxf7+ Kh8 21. Qxe4 Rf8 22. Nc4 Qd8 23. Ng6+ hxg6 24. Qxg6 Rxf7 25. Qxf7 Qd3 26. Qh5+ Kg8 27. Qg4 Rf8 28. Be3 Rf6 29. Rd1 Qc2 30. a5 Rg6 31. Qd7 Kh7 32. Qd3 Qa4 33. Bf4 Bf6 34. Bg3 Nxa5 35. Ne3 Nc6 36. Nf5 Ne5 37. Bxe5 Bxe5 38. Ne7 Qe8 39. Qxg6+ Qxg6 40. Nxg6 Kxg6 41. Rd7  1-0

[Event "VIII Floripa Chess Open 2022 - LIRA - mesa 1 a 205 - HOTEL FAIAL - 206 a 246"]
[Site "Lira Tênis Clube - Florianópolis/SC"]
[Date "2022.01.27"]
[Round "6"]
[Board "81"]
[White "Kikuchi Cadilhac, Mariana Sawae"]
[Black "Gazola, Vanessa Ramos"]
[Result "0-1"]
[WhiteElo "1791"]
[BlackElo "1976"]
[PlyCount "80"]
[EventDate "2022.01.24"]
[EventRounds "10"]
[EventCountry "BRA"]

1. e4 c5 2. Nf3 Nc6 3. d4 cxd4 4. Nxd4 e5 5. Nb5 a6 6. Nd6+ Bxd6 7. Qxd6 Qf6 8.
Qd1 Qg6 9. Nc3 Nge7 10. Be3 d6 11. Qd2 Be6 12. O-O-O O-O-O 13. Bd3 Nb4 14. Nd5
Nxd3+ 15. Qxd3 Bxd5 16. exd5 Qxd3 17. Rxd3 Kd7 18. Rhd1 Rc8 19. Rb3 b5 20. Ra3
Ra8 21. Bb6 Rhb8 22. Ba5 Rc8 23. Rc3 Rxc3 24. Bxc3 Rc8 25. Bb4 Rc4 26. Bc3 Rc5
27. f4 f6 28. fxe5 fxe5 29. Rd3 Nxd5 30. Bxe5 dxe5 31. b4 Rc4 32. Rxd5+ Ke6 33.
Rd3 Rxb4 34. Ra3 Ra4 35. Rxa4 bxa4 36. Kd2 Kd5 37. Kd3 a3 38. h4 h5 39. g3 a5
40. Kc3 e4  0-1

[Event "VIII Floripa Chess Open 2022 - LIRA - mesa 1 a 205 - HOTEL FAIAL - 206 a 246"]
[Site "Lira Tênis Clube - Florianópolis/SC"]
[Date "2022.01.27"]
[Round "6"]
[Board "82"]
[White "Reinaldo Dos Santos, Julio"]
[Black "Tamarozi, Isabelle"]
[Result "0-1"]
[WhiteElo "1789"]
[BlackElo "1970"]
[PlyCount "87"]
[EventDate "2022.01.24"]
[EventRounds "10"]
[EventCountry "BRA"]

1. d4 Nf6 2. c4 g6 3. Nc3 Bg7 4. e4 d6 5. Nf3 O-O 6. Be2 e5 7. O-O Nc6 8. d5
Ne7 9. Ne1 Nd7 10. f3 f5 11. Be3 f4 12. Bf2 g5 13. Nd3 Ng6 14. c5 Nf6 15. Rc1
Rf7 16. c6 b6 17. Be1 h5 18. Nf2 Bh6 19. Ra1 Rh7 20. a4 a5 21. b4 axb4 22. Nb5
Qf8 23. Bxb4 g4 24. fxg4 f3 25. Bxf3 hxg4 26. Nxg4 Nxg4 27. Bxg4 Be3+ 28. Kh1
Nf4 29. Bxc8 Rxc8 30. h3 Qg7 31. Qf3 Rf8 32. Rae1 Bc5 33. Bxc5 bxc5 34. Kh2 Rf6
35. Re3 Rg6 36. Rf2 Rh5 37. a5 Rhg5 38. g4 Rh6 39. a6 Rxg4 40. a7 Rgh4 41.
a8=Q+ Kh7 42. Qc8 Rf6 43. Qd8 Nxh3 44. Qdxf6  0-1

[Event "VIII Floripa Chess Open 2022 - LIRA - mesa 1 a 205 - HOTEL FAIAL - 206 a 246"]
[Site "Lira Tênis Clube - Florianópolis/SC"]
[Date "2022.01.27"]
[Round "6"]
[Board "83"]
[White "Rodrigo Yanguas, Maria"]
[Black "Ferreira, Rodrigo Maycon Miranda"]
[Result "1-0"]
[WhiteElo "1970"]
[BlackElo "1763"]
[PlyCount "74"]
[EventDate "2022.01.24"]
[EventRounds "10"]
[EventCountry "BRA"]

1. d4 d5 2. Bf4 Nf6 3. Nc3 a6 4. e3 Bf5 5. Nf3 g6 6. h3 Bg7 7. Be2 O-O 8. O-O
h6 9. Ne5 g5 10. Bh2 Ne4 11. f4 Nxc3 12. bxc3 f6 13. Nd3 Nc6 14. g4 Bc8 15. f5
Re8 16. Nb4 Na5 17. Bf3 c6 18. e4 Nc4 19. Re1 a5 20. Nd3 dxe4 21. Rxe4 Nd6 22.
Re2 e6 23. Bxd6 Qxd6 24. Qe1 Bd7 25. Nc5 exf5 26. Nxd7 Qxd7 27. gxf5 Rxe2 28.
Qxe2 Qxf5 29. Bg4 Qf4 30. Kg2 Rf8 31. Rf1 Qd6 32. Bf3 Qd8 33. Qe6+ Kh7 34. Re1
Qc7 35. Re4 Qb6 36. Qd7 Qd8 37. Qxb7 Qd5 {illegivel}  1-0

[Event "VIII Floripa Chess Open 2022 - LIRA - mesa 1 a 205 - HOTEL FAIAL - 206 a 246"]
[Site "Lira Tênis Clube - Florianópolis/SC"]
[Date "2022.01.27"]
[Round "6"]
[Board "84"]
[White "Pontes, Israel Fillip Da Silva"]
[Black "Cezar, Ricardo De Almeida"]
[Result "1/2-1/2"]
[WhiteElo "1967"]
[BlackElo "1735"]
[PlyCount "102"]
[EventDate "2022.01.24"]
[EventRounds "10"]
[EventCountry "BRA"]

1. e4 c6 2. d4 d5 3. exd5 cxd5 4. c4 Nf6 5. Be3 e6 6. Nc3 Bb4 7. Nf3 O-O 8. c5
b6 9. cxb6 Qxb6 10. Bd3 Nbd7 11. O-O Bxc3 12. bxc3 Ba6 13. Qe2 Bxd3 14. Qxd3
Qa5 15. Rfc1 Rfc8 16. c4 Qa6 17. Rc2 dxc4 18. Qe2 Nd5 19. Rac1 N7b6 20. Bd2 Rc7
21. Ng5 Rac8 22. Ne4 Nd7 23. h3 Qb6 24. Be3 c3 25. Qe1 Rc6 26. Nxc3 Qb4 27.
Nxd5 Qxe1+ 28. Rxe1 Rxc2 29. Ne7+ Kf8 30. Nxc8 Rxc8 31. Re2 Nb6 32. Rb2 Rc6 33.
Kf1 Ke7 34. Ke2 Kd6 35. Kd3 Nd5 36. Rb3 Ra6 37. a3 f5 38. g3 Rb6 39. Rxb6+ Nxb6
40. h4 Kc6 41. Bd2 Kb5 42. Bb4 Nd5 43. Bf8 Ka4 44. Kc4 a5 45. Kc5 Kxa3 46. Kd6
Kb3 47. Kxe6 Kc4 48. Bxg7 a4 49. Bf8 f4 50. Kf5 fxg3 51. fxg3 Kxd4  1/2-1/2

[Event "VIII Floripa Chess Open 2022 - LIRA - mesa 1 a 205 - HOTEL FAIAL - 206 a 246"]
[Site "Lira Tênis Clube - Florianópolis/SC"]
[Date "2022.01.27"]
[Round "6"]
[Board "85"]
[White "Dos Santos, Gustavo Mota"]
[Black "Crespo Ruiz, Manuel Maria"]
[Result "1/2-1/2"]
[WhiteElo "1782"]
[BlackElo "1967"]
[PlyCount "95"]
[EventDate "2022.01.24"]
[EventRounds "10"]
[EventCountry "BRA"]

1. e4 e6 2. d3 d5 3. Nd2 Nf6 4. Ngf3 Nc6 5. c3 dxe4 6. dxe4 Bc5 7. Bb5 Bd7 8.
O-O Qe7 9. a4 a5 10. Qe2 e5 11. Nc4 O-O 12. Bg5 Bg4 13. Ne3 Bxe3 14. Qxe3 Qe6
15. Rad1 Ne7 16. h3 c6 17. Be2 Bh5 18. Bxf6 Qxf6 19. Rd7 Rab8 20. Rfd1 Bxf3 21.
Bxf3 Ng6 22. g3 Qe6 23. Qb6 Qxh3 24. Bg2 Qg4 25. Qxa5 b6 26. Qb4 h5 27. Qd6 c5
28. Qd3 h4 29. Qf3 Qe6 30. R1d5 hxg3 31. fxg3 Qc6 32. Qd1 Qf6 33. Qg4 Qc6 34.
b3 c4 35. R5d6 Qc5+ 36. Kh2 Qe3 37. bxc4 Ra8 38. Rd3 Qh6+ 39. Qh3 Qc1 40. Qf5
Qh6+ 41. Qh3 Qc1 42. Qf5 Rxa4 43. Rf3 Qh6+ 44. Kg1 Ra1+ 45. Bf1 Ra2 46. Bg2
Qc1+ 47. Bf1 Qh6 48. Bg2  1/2-1/2

[Event "VIII Floripa Chess Open 2022 - LIRA - mesa 1 a 205 - HOTEL FAIAL - 206 a 246"]
[Site "Lira Tênis Clube - Florianópolis/SC"]
[Date "2022.01.27"]
[Round "6"]
[Board "86"]
[White "Conor, Gilberto Bordignon"]
[Black "Ikejiri, Daniel Yoshito"]
[Result "0-1"]
[WhiteElo "1673"]
[BlackElo "1961"]
[PlyCount "58"]
[EventDate "2022.01.24"]
[EventRounds "10"]
[EventCountry "BRA"]

1. e4 c5 2. Nf3 d6 3. d4 cxd4 4. Nxd4 a6 5. Nc3 Nf6 6. f3 h5 7. Be3 e5 8. Nb3
Be6 9. Nd5 Bxd5 10. exd5 Nbd7 11. Qd2 Rc8 12. c4 Be7 13. Na5 Qc7 14. Be2 Bd8
15. b4 Qb8 16. Nb3 Bb6 17. Bxb6 Nxb6 18. Qg5 Nxc4 19. Rd1 O-O 20. h3 Qa7 21.
Rd3 Rfe8 22. g4 e4 23. Rc3 Re5 24. Qh4 exf3 25. Rxf3 Rce8 26. Rf2 Ne4 27. Rf5
Rxf5 28. gxf5 Qe3 29. Rf1 Qc3+  0-1

[Event "VIII Floripa Chess Open 2022 - LIRA - mesa 1 a 205 - HOTEL FAIAL - 206 a 246"]
[Site "Lira Tênis Clube - Florianópolis/SC"]
[Date "2022.01.27"]
[Round "6"]
[Board "87"]
[White "Lima, Vinicius Taishun"]
[Black "Dos Santos Junior, Joao Batista Araujo"]
[Result "1-0"]
[WhiteElo "1952"]
[BlackElo "1724"]
[PlyCount "87"]
[EventDate "2022.01.24"]
[EventRounds "10"]
[EventCountry "BRA"]

1. e4 c6 2. d4 d5 3. e5 Bf5 4. c4 h5 5. Nc3 e6 6. a3 Be7 7. c5 Nd7 8. Be3 Bg5
9. Bxg5 Qxg5 10. Nf3 Qd8 11. Be2 Nh6 12. O-O g5 13. g3 Bh3 14. Re1 Rg8 15. b4
Nf5 16. Kh1 g4 17. Ng1 h4 18. Nxh3 gxh3 19. g4 Qg5 20. Rg1 Ne7 21. Qc1 Qg7 22.
Bd3 f6 23. f4 Nf8 24. Qe3 Qf7 25. Ne2 Nfg6 26. f5 Nf8 27. Qxh3 fxe5 28. dxe5
O-O-O 29. Qxh4 Nd7 30. Nf4 Nxe5 31. Nxe6 Rd7 32. Qh3 Nxd3 33. Qxd3 Rh8 34. Ra2
Ng8 35. g5 Qe7 36. Re2 Qf7 37. g6 Qf6 38. Qd4 Qxd4 39. Nxd4 Nf6 40. Re6 Ne4 41.
Rg2 Rg7 42. f6 Nf2+ 43. Rxf2 Rxg6 44. f7  1-0

[Event "VIII Floripa Chess Open 2022 - LIRA - mesa 1 a 205 - HOTEL FAIAL - 206 a 246"]
[Site "Lira Tênis Clube - Florianópolis/SC"]
[Date "2022.01.27"]
[Round "6"]
[Board "88"]
[White "Lira, Mateus Lavor"]
[Black "Kim, Thiago"]
[Result "1-0"]
[WhiteElo "1750"]
[BlackElo "1943"]
[PlyCount "76"]
[EventDate "2022.01.24"]
[EventRounds "10"]
[EventCountry "BRA"]

1. d4 Nf6 2. c4 g6 3. Nc3 d5 4. Bf4 Bg7 5. e3 O-O 6. Rc1 dxc4 7. Bxc4 c5 8.
dxc5 Qa5 9. Nge2 Qxc5 10. Bb3 Nc6 11. O-O Rd8 12. Nd5 Qb5 13. a4 Qa6 14. Bc4
Qa5 15. b4 Qxd5 16. Bxd5 Nxd5 17. Rxc6 Bg4 18. Rd6 exd6 19. Qxd5 Bxe2 20. Rc1
Bg4 21. h3 Be6 22. Qxb7 Rab8 23. Qxa7 Rxb4 24. Rc6 Be5 25. Rb6 Rc4 26. Rb8 Rc1+
27. Kh2 Rxb8 28. Qxb8+ Rc8 29. Qb4 Rc4 30. Qb8+ Rc8 31. Qb5 Bxf4+ 32. exf4 d5
33. g4 d4 34. f5 Bc4 35. Qd7 Ba6 36. Qxd4 Rf8 37. Qf4 gxf5 38. Qg5+ Kh8  1-0

[Event "VIII Floripa Chess Open 2022 - LIRA - mesa 1 a 205 - HOTEL FAIAL - 206 a 246"]
[Site "Lira Tênis Clube - Florianópolis/SC"]
[Date "2022.01.27"]
[Round "6"]
[Board "89"]
[White "Bonvini, Alberto Tonhati"]
[Black "Castro, Leonardo Nascimento"]
[Result "1-0"]
[WhiteElo "1941"]
[BlackElo "1703"]
[PlyCount "57"]
[EventDate "2022.01.24"]
[EventRounds "10"]
[EventCountry "BRA"]

1. e4 c5 2. c3 Nf6 3. e5 Nd5 4. d4 cxd4 5. Qxd4 e6 6. Nf3 Nc6 7. Qe4 d6 8. Bb5
Bd7 9. c4 Ncb4 10. exd6 Bxd6 11. O-O a6 12. Ba4 Ne7 13. Bxd7+ Qxd7 14. Nc3 Nbc6
15. Rd1 Qc7 16. h3 O-O 17. Ng5 Ng6 18. h4 Bf4 19. Nxh7 f5 20. Qxe6+ Kxh7 21. h5
Nge7 22. Nd5 Nxd5 23. cxd5 Rf6 24. Qe1 Na7 25. d6 Bxd6 26. Bg5 Rf7 27. Qe6 Nc8
28. Rac1 Kg8 29. h6 {illegivel}  1-0

[Event "VIII Floripa Chess Open 2022 - LIRA - mesa 1 a 205 - HOTEL FAIAL - 206 a 246"]
[Site "Lira Tênis Clube - Florianópolis/SC"]
[Date "2022.01.27"]
[Round "6"]
[Board "90"]
[White "Moretto, Heitor Frainer"]
[Black "Lima, Carlos Eduardo I De Araujo"]
[Result "0-1"]
[WhiteElo "1587"]
[BlackElo "1938"]
[PlyCount "40"]
[EventDate "2022.01.24"]
[EventRounds "10"]
[EventCountry "BRA"]

1. e4 e6 2. d4 d5 3. e5 c5 4. c3 Nc6 5. Nf3 Qb6 6. a3 cxd4 7. cxd4 Bd7 8. Be2
Nge7 9. b4 Ng6 10. O-O Be7 11. Bb2 O-O 12. Nbd2 Rac8 13. Nb3 f6 14. exf6 Rxf6
15. Nc5 Qc7 16. Rc1 Bxc5 17. Rxc5 Qb6 18. Bd3 Rcf8 19. Bc1 Nf4 20. Bxf4 Rxf4 {
illegivel}  0-1

[Event "VIII Floripa Chess Open 2022 - LIRA - mesa 1 a 205 - HOTEL FAIAL - 206 a 246"]
[Site "Lira Tênis Clube - Florianópolis/SC"]
[Date "2022.01.27"]
[Round "6"]
[Board "91"]
[White "Albiero, Marco Antonio Batista"]
[Black "Gamarra, Ramon"]
[Result "0-1"]
[WhiteElo "1536"]
[BlackElo "1937"]
[PlyCount "66"]
[EventDate "2022.01.24"]
[EventRounds "10"]
[EventCountry "BRA"]

1. e4 c5 2. Nf3 d6 3. d4 cxd4 4. Nxd4 Nf6 5. Nc3 a6 6. Be2 e5 7. Nb3 Be6 8. O-O
Nbd7 9. f4 exf4 10. Bxf4 Be7 11. Kh1 Qc7 12. Qe1 O-O 13. Qg3 Ne5 14. Nd4 Nfd7
15. Nd5 Bxd5 16. exd5 Ng6 17. Nf5 Nde5 18. Bxe5 dxe5 19. h4 Bf6 20. Bd3 Nf4 21.
Nh6+ Kh8 22. Ng4 Qe7 23. Nxf6 Qxf6 24. Rae1 Rae8 25. c4 g6 26. c5 Qd8 27. d6
Kg7 28. Be4 Qc8 29. Qc3 f6 30. Qb4 Rf7 31. Rd1 Qg4 32. d7 Qxh4+ 33. Kg1 Ne2#
 0-1

[Event "VIII Floripa Chess Open 2022 - LIRA - mesa 1 a 205 - HOTEL FAIAL - 206 a 246"]
[Site "Lira Tênis Clube - Florianópolis/SC"]
[Date "2022.01.27"]
[Round "6"]
[Board "92"]
[White "Brand, Leticia Soethe"]
[Black "De Souza Monteiro, Marcos Paulo"]
[Result "0-1"]
[WhiteElo "1471"]
[BlackElo "1909"]
[PlyCount "82"]
[EventDate "2022.01.24"]
[EventRounds "10"]
[EventCountry "BRA"]

1. e4 c5 2. Nf3 d6 3. d4 cxd4 4. Nxd4 Nf6 5. Nc3 g6 6. Be3 Bg7 7. f3 Nc6 8. Qd2
O-O 9. O-O-O Bd7 10. g4 Rc8 11. Kb1 Ne5 12. h4 h5 13. gxh5 Nxh5 14. Rg1 Rxc3
15. bxc3 Qa5 16. Nb3 Qa3 17. Qg2 b5 18. Bc1 Qa4 19. f4 Nc4 20. Bxc4 bxc4 21.
Rd5 Nf6 22. Ra5 Qc6 23. Rg5 cxb3 24. e5 Qxg2 25. R5xg2 bxc2+ 26. Kxc2 Bf5+ 27.
Kd1 dxe5 28. fxe5 Ne4 29. c4 Bxe5 30. Be3 Rd8+ 31. Ke1 Bd4 32. Re2 Bc3+ 33. Kf1
Bh3+ 34. Reg2 Bd4 35. Ke2 Bxg2 36. Rxg2 Bxe3 37. Kxe3 Nf6 38. Re2 Kg7 39. c5
Rc8 40. Kd4 e5+ 41. Kc4 Nd7  0-1

[Event "VIII Floripa Chess Open 2022 - LIRA - mesa 1 a 205 - HOTEL FAIAL - 206 a 246"]
[Site "Lira Tênis Clube - Florianópolis/SC"]
[Date "2022.01.27"]
[Round "6"]
[Board "93"]
[White "Velasquez Joves, Rolando Jose"]
[Black "Ferreira, Carlos Eduardo"]
[Result "1-0"]
[WhiteElo "1904"]
[BlackElo "1686"]
[PlyCount "61"]
[EventDate "2022.01.24"]
[EventRounds "10"]
[EventCountry "BRA"]

1. d4 d5 2. Bf4 Nf6 3. e3 e6 4. Nf3 c5 5. c3 Nc6 6. Bd3 Bd6 7. Bg3 O-O 8. Ne5
Qc7 9. f4 Ne4 10. Nd2 f5 11. Bh4 Nxe5 12. fxe5 Be7 13. Bxe7 Qxe7 14. O-O Bd7
15. Bxe4 fxe4 16. Qe2 c4 17. Rxf8+ Rxf8 18. Rf1 Rxf1+ 19. Nxf1 Ba4 20. Qg4 b5
21. Ng3 a5 22. a3 Kf7 23. Nh5 Kg8 24. Nf4 Kf7 25. Qh5+ Kg8 26. Qh3 Kf7 27. Qxh7
Bd1 28. Qg6+ Kf8 29. Qxe6 Qxe6 30. Nxe6+ Kf7 31. Nc7  1-0

[Event "VIII Floripa Chess Open 2022 - LIRA - mesa 1 a 205 - HOTEL FAIAL - 206 a 246"]
[Site "Lira Tênis Clube - Florianópolis/SC"]
[Date "2022.01.27"]
[Round "6"]
[Board "94"]
[White "Jorge, Denrick Cabral Jose"]
[Black "Decezare, Jucian Kaue"]
[Result "1-0"]
[WhiteElo "1901"]
[BlackElo "1570"]
[PlyCount "63"]
[EventDate "2022.01.24"]
[EventRounds "10"]
[EventCountry "BRA"]

1. e4 c5 2. Nc3 d6 3. g3 g6 4. d3 Bg7 5. Be3 Nf6 6. h3 Nc6 7. Qd2 a6 8. Bh6 O-O
9. h4 Nb4 10. Bxg7 Kxg7 11. h5 e5 12. a3 Qa5 13. O-O-O Be6 14. hxg6 fxg6 15.
Qh6+ Kg8 16. axb4 cxb4 17. Nb1 Qa1 18. Nf3 Ba2 19. Nfd2 Rac8 20. Bh3 Rc5 21. b3
Re8 22. f4 Re7 23. fxe5 dxe5 24. Rdf1 Rc6 25. Kd1 b5 26. Qg5 Rf7 27. Ke2 Qb2
28. Bd7 Rd6 29. Be8 Nxe8 30. Rxf7 Kxf7 31. Rxh7+ Kg8 32. Qe7  1-0

[Event "VIII Floripa Chess Open 2022 - LIRA - mesa 1 a 205 - HOTEL FAIAL - 206 a 246"]
[Site "Lira Tênis Clube - Florianópolis/SC"]
[Date "2022.01.27"]
[Round "6"]
[Board "95"]
[White "Buiar, Maria Eduarda Beraldo"]
[Black "Pedroso, Denian"]
[Result "0-1"]
[WhiteElo "1248"]
[BlackElo "1876"]
[PlyCount "48"]
[EventDate "2022.01.24"]
[EventRounds "10"]
[EventCountry "BRA"]

1. e4 c5 2. f4 Nc6 3. Nf3 g6 4. d3 Bg7 5. c3 e6 6. g3 Nge7 7. Bg2 d5 8. e5 O-O
9. Na3 Nf5 10. Nc2 b6 11. O-O Bb7 12. Bd2 Rc8 13. Qe1 Ba6 14. Qe2 b5 15. g4 Nh4
16. Nxh4 Qxh4 17. g5 b4 18. Be1 Qh5 19. Bf3 Qh3 20. c4 dxc4 21. dxc4 Rfd8 22.
Rd1 Rxd1 23. Qxd1 Bxc4 24. Rf2 Rd8  0-1

[Event "VIII Floripa Chess Open 2022 - LIRA - mesa 1 a 205 - HOTEL FAIAL - 206 a 246"]
[Site "Lira Tênis Clube - Florianópolis/SC"]
[Date "2022.01.27"]
[Round "6"]
[Board "96"]
[White "Quintiliano Moura, Paulo Henrique"]
[Black "Constantino, Pedro Henrique"]
[Result "1-0"]
[WhiteElo "1876"]
[BlackElo "1500"]
[PlyCount "53"]
[EventDate "2022.01.24"]
[EventRounds "10"]
[EventCountry "BRA"]

1. e4 c5 2. c3 d6 3. d4 cxd4 4. cxd4 a6 5. Nf3 g6 6. Bc4 Bg7 7. Nc3 Nf6 8. Qe2
O-O 9. Bf4 b5 10. Bb3 Bb7 11. e5 Nh5 12. Bg5 dxe5 13. dxe5 Nc6 14. O-O h6 15.
Bh4 Nd4 16. Nxd4 Qxd4 17. Bxe7 Rfe8 18. Rad1 Qa7 19. Rd7 Bxg2 20. Rxa7 Rxa7 21.
Bc5 Rd7 22. Rd1 Rxd1+ 23. Qxd1 Rxe5 24. Qd8+ Kh7 25. Bxf7 Nf6 26. Kxg2 Rxc5 27.
Ne4  1-0

[Event "VIII Floripa Chess Open 2022 - LIRA - mesa 1 a 205 - HOTEL FAIAL - 206 a 246"]
[Site "Lira Tênis Clube - Florianópolis/SC"]
[Date "2022.01.27"]
[Round "6"]
[Board "97"]
[White "Borges, Leonardo Hisao Herai"]
[Black "Feller, Isadora Cristina Vicente"]
[Result "1-0"]
[WhiteElo "1873"]
[BlackElo "1244"]
[PlyCount "68"]
[EventDate "2022.01.24"]
[EventRounds "10"]
[EventCountry "BRA"]

1. Nf3 Nf6 2. g3 d5 3. Bg2 c6 4. O-O Bg4 5. Ne5 Bh5 6. c4 e6 7. d3 Nbd7 8. Nf3
Bd6 9. cxd5 cxd5 10. Nc3 O-O 11. Qa4 a6 12. Qh4 Rc8 13. Bd2 Be7 14. Qd4 Nb6 15.
Rac1 Nfd7 16. g4 Bf6 17. Qf4 Bg6 18. g5 Be7 19. Rfd1 f6 20. gxf6 Nxf6 21. Bh3
Kh8 22. Qg3 Nh5 23. Qg2 Qd6 24. Nd4 Bf7 25. Qg4 Nf6 26. Qg3 Rcd8 27. Qxd6 Bxd6
28. e4 dxe4 29. Nxe4 Nxe4 30. dxe4 e5 31. Nf5 Bb8 32. Bb4 Bh5 33. Bxf8 Bxd1 34.
Bxg7+ Kg8  1-0